export_success — 

Thinking about regulating? : the better regulation guide.

Bibliographic Details
Format: Book
Published: Nairobi: Ministry of Labour and Human Resource Development, 199-.
Subjects:
LEADER 00436cam a2200133 7i4500
001 0000014139
005 20040701090000.0
090 0 0 |a KENA 352.8   |b THI 
245 0 0 |a Thinking about regulating? :   |b the better regulation guide. 
260 0 0 |a Nairobi:   |b Ministry of Labour and Human Resource Development,   |c 199-. 
300 # # |a 20 p. 
650 0 0 |a Trade regulation --   |z Kenya  
651 0 0 |a Kenya  
999 |a 0000012122  |b Book  |c Countries  |e Business Information Centre